000 00739nam a22002777a 4500
001 BR2013010786
003 BR-BrBNA
005 20230928104331.0
007 ta
008 230509b bl.||||| |||| 00| 0 por d
040 _aBR-BrBNA
_bpor
_cBiblioteca Nacional de Agricultura
041 _a(Por)
072 _aH20
_b4110
090 _ 4110 BR2013010786
110 1 _aFundo de Defesa da Citricultura, Araraquara, SP (Brasil)
_95192
245 1 _aManual de CVC
260 3 _aAraraquara, SP (Brasil):
_c2006.
300 _a11 p.
500 _a15 illus.; 3 graphs
650 _aCLOROSE
650 _aDOENÇA DE PLANTA
650 _aSINTOMA
650 _aCONTROLE QUÍMICO
909 _a202309
_bLucia
_c55
_dLucia Elande
942 _cBK
999 _c79353
_d79353